Μεταφορά ασθενών σε χώρους νοσηλείας. Θεωρητική προσέγγιση και εφαρμογή στο νομό Κοζάνης : διπλωματική εργασία

Αποθηκεύτηκε σε:
Λεπτομέρειες βιβλιογραφικής εγγραφής
Κύριος συγγραφέας: Ξάνθου, Δέσποινα
Συγγραφή απο Οργανισμό/Αρχή: Πανεπιστήμιο Αιγαίου Σχολή Επιστημών της Διοίκησης Τμήμα Διοίκησης Επιχειρήσεων Πρόγραμμα Μεταπτυχιακών Σπουδών στη Διοίκηση Επιχειρήσεων - M.B.A
Άλλοι συγγραφείς: Αγγελής, Βασίλης (Εισηγητής διατριβής)
Μορφή: Thesis Βιβλίο
Γλώσσα:Greek
Δημοσίευση: 2006
Θέματα:
Διαθέσιμο Online:http://hdl.handle.net/11610/13383
Ετικέτες: Προσθήκη ετικέτας
Δεν υπάρχουν, Καταχωρήστε ετικέτα πρώτοι!

MARC

LEADER 00000cam a2200000 i 4500
001 1/38632
008 061204s2006 gre d
035 |l 10086392 
040 |a GR-MY-UA  |b gre  |e aacr 
041 0 |a gre 
082 0 |a 519.72  |2 (22) 
100 1 |a Ξάνθου, Δέσποινα. 
245 1 0 |a Μεταφορά ασθενών σε χώρους νοσηλείας. Θεωρητική προσέγγιση και εφαρμογή στο νομό Κοζάνης :  |b διπλωματική εργασία /  |c Δέσποινα Ξάνθου ; επιβλέπων Αγγελής Βασίλειος 
260 |c 2006 
300 |a 1τ. (ποικίλες σελιδαριθμήσεις);  |b διαγρ., πίν.;  |c 30 εκ. 
502 |a Διατριβή (μεταπτυχιακή) – Πανεπιστήμιο Αιγαίου, Χίος, 2006. 
504 |a Βιβλιογραφία : σ.141-144 
610 2 0 |a Πανεπιστήμιο Αιγαίου. 
650 0 0 |a Transportation problems (Programming) 
650 0 0 |a Emergency medical services  |z Greece  |z Kozani. 
650 0 0 |a Hospitals  |x Emergency service. 
650 0 0 |a Dissertations, Academic  |z Greece. 
700 1 |a Αγγελής, Βασίλης.  |4 ths 
710 1 |a Πανεπιστήμιο Αιγαίου  |b Σχολή Επιστημών της Διοίκησης  |b Τμήμα Διοίκησης Επιχειρήσεων  |b Πρόγραμμα Μεταπτυχιακών Σπουδών στη Διοίκηση Επιχειρήσεων - M.B.A. 
852 |a INST  |b CHIOS  |c DIATR  |e 20061204  |h 519.72 ΞΑΝ  |p 005200026553  |q 005200026553  |t MTXE  |y 23 
852 |a INST  |b CHIOS  |c DIATR  |e 20061204  |h 519.72 ΞΑΝ  |p 005200026554  |q 005200026554  |t MTXE  |y 23 
856 |u http://hdl.handle.net/11610/13383 
901 |a BIBL2-2006-3 
909 |a Χ  |b 130747 
909 |a Χ  |b 130748 
924 |a ΞΑΝΘΟΥ  |b ΔΕΣΠΟΙΝΑ  |y ΧΙΟΣ  |z 2006-11 
970 |a ΒΑΣΙΛΑΚΗ  |b ΝΙΚΗ  |z 2006/12/04